Name The NBA Player (Easy Mode) - Statistics

General Stats
  • This quiz has been taken 25 times
  • The average score is 15 of 16
Answer Stats
Picture Answer % Correct
Giannis Antetokounmpo
100%
James Harden
100%
Kobe Bryant
100%
LeBron James
100%
Michael Jordan
100%
Shaquille Oneal
100%
Stephen Curry
100%
Kevin Durant
96%
Nikola Jokic
91%
Russell Westbrook
91%
Joel Embiid
87%
Kyrie Irving
87%
Luka Doncic
87%
Victor Wembanyama
87%
Devin Booker
83%
Ja Morant
83%
No matching quizzes found
Score Distribution
Percent of People with Each Score
Percentile by Number Answered
Your Score History
You have not taken this quiz